=LDR 00000nam 2200000 4500 =001 NUTBA000000000003551 =005 20140821115820.0 =006 =007 =008 =035 ##$$a 0010-081400000000396 =040 ##$$a NBPDMAT =082 ##$$a 372.7 =090 ##$$a 372.7 $b Dhe b =100 ##$$a Dhea Pranada MP =245 ##$$a Berhirtung lebih cerdas untuk : Pra TK - KB Pau taman kanak-kanak level 2 / $c Dhea Pranada MP ( s. l ) =260 ##$$a Murti Harapan, ( s.l ) =300 ##$$a 32 hlm. : $b ilus. ; $c 25 cm. =650 ##$$a Matematika - TK =850 ##$$a NBPDMAT =990 ##$$a 21406257